000 009610000a22003010004500
001 20858
003 CO-MdFUSB
005 20160831103723.0
008 160830t1972 xxu||||g |||| 00| 0 eng d
020 _a0-8006-0116-5
040 _aCO-MdFUSB
_bEspañol
_cCO-MdFUSB
_dCO-MdFUSB
041 _aeng
082 _224
_a262
_bB274s
100 1 _aReumann, John
245 1 4 _aThe signs of an apostle
_b : The CATO lecture 1969
_c / por C.K. Barrett
264 _aPhiladelphia, Pennsylvania :
_bFortress Press,
_c1972
300 _axvi, 144 páginas
336 _2rdacontent
_a1
_ba1
337 _2rdamedia
_a2
_b5
338 _2rdacarrier
_a2
_b5
500 _aIncluye introdución a la edición Americana y incluye notas
501 _aPasta rústica
505 0 0 _aLos apóstoles en el Nuevo Testamento / La apostolicidad de la Iglesia
653 _aChurch -- Apostolicity
653 _aIglesia -- Apóstoles
942 _cBK
999 _c47209
_d47209